| 000 | 00357nam a2200145Ia 4500 | ||
|---|---|---|---|
| 008 | 230917s9999||||xx |||||||||||||| ||und|| | ||
| 040 |
_e208568 _aMAIN |
||
| 041 | _aEnglish | ||
| 082 | _a585 A89T | ||
| 100 | _aAnurag Kumar | ||
| 245 | 0 | _aTextbook of gymnosperm | |
| 260 |
_aNew Delhi _bRandom Publications _c2012 |
||
| 300 | _aviii, 296 p. | ||
| 942 | _cBK | ||
| 999 |
_c175662 _d175662 |
||